00910 a2200145 4500003000500000005001700005040000900022082001200031100003000043245005800073260003100131300001300162505055900175538003000734Nust20170207154206.0 cNust a621.382 aW.L.Everitt , G.E.Anner,  aCommunication Engineering cW.L.Everitt , G.E.Anner,  alondonbMc Graw-Hillc1956 axi,644p; aFundamental Principles of Communication Networks (Page-1) Methods of Network-Behavior Analysis (Page-44) Steady-State Analysis and Network Theorems (Page-86) Resonance (Page-130) Bridge Networks (Page-189) Iterative Networks (Page-219) Wave Filters (Page-249) The Infinite Line (Page-294) Reflection (Page-329) Lines of Low Loss (Page-360) Impedance Transformation (Page-403) Impedance Matching With Stubs (Page-451) Broad-Band Impedance Transformation (Page-468) Equalization (Page-505) Linear Amplifiers (Page-540) Electromechanical Coupling (Page-595) aAlmirah No.130 Shelf No.5